000 00543cam a2200193ua 4500
001 11573
008 191010n ii |||gr||||Z||||||eng
020 _a9789382252801
040 _cMAIN
082 _a306.03
100 _aRomesh T. Kunba . ,
_eAuthor.
245 _aEncyclopaedia of culture :
_bworld religion and culture /
_cBy Romesh T. Kunba .
250 _a1st ed /
_bVol.5.
260 _aNew Delhi:
_bPacific books international,
_c2017.
300 _a320p.
653 _aCulture & institutions
653 _aCulture
942 _cBK
999 _c10392
_d10392